| 000 | 01646nam0a2200337 4500 | ||
|---|---|---|---|
| 001 | RU\NLR\bibl\1258019 | ||
| 005 | 20260405165431.0 | ||
| 010 |
_a978-5-91131-845-1 _91500 |
||
| 021 |
_aRU _b2008-42820 _92367 |
||
| 035 | _a(NLR Aleph) 001244037 | ||
| 090 |
_a277107 _c277107 |
||
| 100 | _a20080801d2009 |||y0rusy50 ca | ||
| 101 | 0 | _arus | |
| 102 | _aRU | ||
| 105 | _aa ||||||||| | ||
| 200 | 1 |
_aУправление инвестициями _eучебное пособие _fН.Н. Воротилова, М.А. Каткова, Ю.Н. Мальцева, Г.С. Шерстнева _gИзд.-торг. корпорация "Дашков и К°" |
|
| 210 |
_aМосква _cДашков и К° _d2009 [т.е. 2008] |
||
| 215 |
_a183, [1] с. _cсхем. _d20 |
||
| 300 | _aКн. фактически изд. в 2008 г. | ||
| 320 | _aБиблиогр. в подстроч. прим. | ||
| 606 | 1 |
_aИнвестиции капитала _jУчебные издания для высших учебных заведений _xУправление _92156742 _3RU\NLR\auth\661298331 |
|
| 686 | _aУ9(2)-56-21(2Р)я73 | ||
| 701 | 1 |
_aВоротилова _bН. Н. _gНадежда Николаевна _4070 |
|
| 701 | 1 |
_4070 _8rus _7ca _aКаткова _bМ. А. _gМарина Андреевна _3RU\NLR\auth\7771346 _954274 |
|
| 701 | 1 |
_aМальцева _bЮ. Н. _gЮлия Николаевна _4070 |
|
| 701 | 1 |
_4070 _8rus _7ca _aШерстнева _bГ. С. _cэкономист _gГалина Сергеевна _3RU\NLR\auth\7771344 _954272 |
|
| 801 | 0 |
_aRU _bNLR _c20080801 _gRCR |
|
| 801 | 1 |
_aRU _bNLR _c20080801 |
|
| 942 | _cBOOK | ||
| 980 | _aNB | ||